| 000 | 00601nam a2200205Ia 4500 | ||
|---|---|---|---|
| 005 | 20250923144834.0 | ||
| 008 | 008 250917s9999 xx 000 0 eng d | ||
| 037 | _aTextual | ||
| 040 |
_aDSWL _beng _cDSWL |
||
| 041 |
_aeng _2eng |
||
| 084 |
_aY12:81.73.N64, K2 _qDSWL |
||
| 100 |
_aWilner, D.M _9828944 |
||
| 245 | 4 |
_aThe Housing Environment and Family Life _cby D.M Wilner |
|
| 260 |
_aBaltimore _bTheJohn Hopkins Press _c1962 |
||
| 300 | _axxii,338p. | ||
| 365 |
_aUSD _b7.5 |
||
| 925 | _g7.5 | ||
| 942 |
_cTEXL _hY12:81.73.N64, K2 |
||
| 999 |
_c1443992 _d1443992 |
||